Ranczo - główne i pierwszoplanowe postacie - Statystyki

Ogólne statystyki
  • Ten quiz został rozwiązany 913 razy
  • Średni wynik to 21 z 26
Statystyki odpowiedzi
Numer Postać % Poprawnych
2 Kusy
98%
1 Lucy
97%
19 Solejuk
94%
3 Paweł Kozioł
93%
4 Piotr Kozioł
92%
20 Solejukowa
90%
21 Hadziuk
89%
23 Pietrek
89%
18 Michałowa
88%
5 Czerepach
86%
7 Klaudia
84%
17 Stach Japycz
83%
11 Więcławski
82%
22 Hadziukowa
81%
6 Halina
81%
12 Więcławska
81%
9 Lodzia
80%
24 Jola
73%
16 Kinga
68%
15 Wioletka
66%
8 Duda
63%
26 Ksiądz Maciej
61%
25 Ksiądz Robert
61%
13 Wezół
61%
14 Stasiek
55%
10 Witebski
54%
Nie znaleziono quizów pasujących do podanych kryteriów
Rozkład punktacji
Procent ludzi z każdym wynikiem
Percentyl według liczby udzielonych odpowiedzi
Twoja historia wyników
Nie rozwiązałeś tego quizu